|
|
|
|
| LEADER |
00000cam a2200000 a 4500 |
| 001 |
vtls010437027 |
| 003 |
SK-MaSNL |
| 005 |
20260302053559.0 |
| 008 |
240314s2012 xo dbole p 000 0 slo |
| 015 |
|
|
|a SNBA2012/10-05327
|
| 020 |
|
|
|a 9788055308920
|q (brož.)
|
| 035 |
|
|
|a 22E90F3E-DCC0-4E72-A02F-93C51901224C
|
| 035 |
|
|
|a urn:nbn:sk:snk-amkxce
|
| 035 |
|
|
|a urn:nbn:sk:snk-am008273
|
| 040 |
|
|
|a SNK
|b slo
|c SNK
|e AACR2
|
| 041 |
0 |
|
|a slo
|
| 044 |
|
|
|a xo
|c SK
|
| 072 |
|
7 |
|a 620.9
|x Energetika
|2 konspekt
|
| 080 |
|
|
|a 620.91
|2 2001
|
| 080 |
|
|
|a 620.92/.95
|2 2001
|
| 080 |
|
|
|a 662.62/.8:57.071.2
|2 2001
|
| 080 |
|
|
|a (075.8)
|2 2001
|
| 100 |
1 |
|
|a Rybár, Radim,
|d 1973-
|4 aut
|9 206418
|
| 245 |
1 |
0 |
|a Tradičné zdroje energie - fosílne palivá
|c Radim Rybár, Dušan Kudelas, Martin Beer
|
| 250 |
|
|
|a 1. vyd.
|
| 260 |
|
|
|a Košice
|b Technická univerzita
|c 2012
|
| 300 |
|
|
|a 144 s.
|b fareb. fotogr., grafy, mp., sch., tab.
|c 29 cm
|
| 366 |
|
|
|e 80 výt.
|
| 504 |
|
|
|a Bibliogr. s. 142-144
|
| 650 |
0 |
7 |
|a energetické zdroje
|2 SNKPH
|9 3475
|
| 650 |
0 |
7 |
|a Power resources
|2 SNKPHeng
|9 328720
|
| 650 |
0 |
7 |
|a Renewable energy sources
|2 SNKPHeng
|9 266485
|
| 650 |
0 |
7 |
|a alternatívne energetické zdroje
|2 SNKPH
|9 3476
|
| 650 |
0 |
7 |
|a fosílne palivá
|2 SNKPH
|9 74704
|
| 650 |
0 |
7 |
|a Fossil fuels
|2 SNKPHeng
|9 367609
|
| 655 |
|
7 |
|a učebnice vysokých škôl
|2 SNKPH
|9 70191
|
| 655 |
|
7 |
|a Textbooks (higher)
|2 SNKPHeng
|9 276436
|
| 700 |
1 |
|
|a Kudelas, Dušan,
|d 1976-
|4 aut
|9 240244
|
| 700 |
1 |
|
|a Beer, Martin,
|d 1984-
|4 aut
|9 207858
|
| 919 |
|
|
|a 978-80-553-0892-0
|
| 958 |
|
|
|a NB
|
| 968 |
|
|
|d 62
|
| 999 |
|
|
|c 1110013
|d 1111943
|
| 952 |
|
|
|a SNK
|b SNK
|y PREZ
|7 0
|p 17A1031455
|o snkSB 83205
|i snk2012/14197
|8 0
|0 0
|1 0
|4 0
|d 2012-07-18
|f 1
|l 0
|r 2025-05-05 00:00:00
|w 2026-02-24
|
| 952 |
|
|
|a SNK
|b SNK
|y VYP
|7 0
|p 17A1031456
|o snkSB 83205 D1
|i snk2012/14198
|8 0
|0 0
|1 0
|4 0
|d 2012-07-18
|l 0
|r 2026-02-24 17:58:01
|w 2026-02-24
|